Les Meilleurs buteurs du Championnat d'Allemagne de football - Statistiques

Statistiques générales
  • Ce quiz a été pris 94 fois
  • Le résultat moyen est 4 sur 15
Statistiques - réponses
Buts Nationalité Clubs successifs Joeuer % Correct
365 Allemagne Bayern Munich (365) Gerd Müller
100%
177 Allemagne Kickers Offenbach (0), 1. FC Cologne (152), VfB Stuttgart (14), 1. FC Sarrebruck (4) Dieter Müller
99%
312 Pologne Borussia Dortmund (74), Bayern Munich (238) Robert Lewandowski
97%
170 Allemagne VfB Stuttgart (78), Bayern Munich (75), VfL Wolfsburg (17) Mario Gómez
45%
197 Pérou Werder Brême (109), Bayern Munich (87), 1. FC Cologne (1) Claudio Pizarro
41%
162 Allemagne Bayern Munich (162) Karl-Heinz Rummenigge
26%
220 Allemagne Borussia Mönchengladbach (195), Hanovre 96 (25) Jupp Heynckes
5%
177 Allemagne Fortuna Düsseldorf (71), 1. FC Cologne (88), Werder Brême (18) Klaus Allofs
5%
160 Allemagne Eintracht Francfort (160) Bernd Hölzenbein
2%
182 Allemagne Bayer 04 Leverkusen (182) Ulf Kirsten
2%
157 Allemagne SV Waldhof Mannheim (55), VfB Stuttgart (102), DSC Arminia Bielefeld (0) Fritz Walter
1%
166 Allemagne 1. FC Cologne (166) Hannes Löhr
1%
268 Allemagne TSV 1860 Munich (28), Schalke 04 (182), 1. FC Cologne (31), VfL Bochum (27) Klaus Fischer
1%
213 Allemagne Rot-Weiss Essen (32), Borussia Dortmund (135), 1. FC Nuremberg (12), Werder Brême (34) Manfred Burgsmüller
1%
179 Allemagne VfL Bochum (47), KFC Uerdingen 05 (32), 1. FC Kaiserslautern (75), DSC Arminia Bielefeld (25) Stefan Kuntz
1%
Aucun quiz correspondant
Distribution des résultats
% des personnes avec chaque résultat
Percentile par nombre de réponses
Votre historique - résultats
Vous n’avez pas pris ce quiz